<?xml version="1.0" encoding="UTF-8"?>
<collection xmlns="http://www.loc.gov/MARC21/slim">
 <record>
  <leader>00529nam a22001575a 4500</leader>
  <controlfield tag="001">MAT.inmabb001521</controlfield>
  <controlfield tag="008">031124s1952####fr############000#0#fre#d</controlfield>
  <controlfield tag="005">20130312160101.0</controlfield>
  <datafield tag="245" ind1="1" ind2="0">
   <subfield code="a">Leçons de logique algébrique /</subfield>
   <subfield code="c">par Haskell B. Curry.</subfield>
  </datafield>
  <datafield tag="260" ind1=" " ind2=" ">
   <subfield code="a">Paris :</subfield>
   <subfield code="b">Gauthier-Villars,</subfield>
   <subfield code="c">1952.</subfield>
  </datafield>
  <datafield tag="300" ind1=" " ind2=" ">
   <subfield code="a">163 p. ;</subfield>
   <subfield code="c">26 cm.</subfield>
  </datafield>
  <datafield tag="440" ind1=" " ind2="0">
   <subfield code="a">Collection de logique mathématique, sér. A ;</subfield>
   <subfield code="v">2</subfield>
  </datafield>
  <datafield tag="510" ind1="4" ind2=" ">
   <subfield code="a">MR,</subfield>
   <subfield code="c">13,613g</subfield>
  </datafield>
  <datafield tag="100" ind1="1" ind2=" ">
   <subfield code="a">Curry, Haskell B.</subfield>
   <subfield code="q">(Haskell Brooks),</subfield>
   <subfield code="d">1900-</subfield>
  </datafield>
  <datafield tag="084" ind1=" " ind2=" ">
   <subfield code="a">03Gxx</subfield>
   <subfield code="2">msc2000</subfield>
  </datafield>
  <datafield tag="859" ind1=" " ind2=" ">
   <subfield code="h">03</subfield>
   <subfield code="i">C976l</subfield>
   <subfield code="p">A-1894</subfield>
   <subfield code="b">BIB. MATEMATICA</subfield>
  </datafield>
 </record>
</collection>
